United States East Or West? - Statistics

General Stats
  • This quiz has been taken 23 times
  • The average score is 17 of 20
Answer Stats
Question Answer % Correct
Tennessee East
91%
Cape Cod East
91%
Key West East
91%
Everglades East
91%
Rocky Mountains West
91%
Great Salt Lake West
91%
Grand Canyon West
91%
Rio Grande West
91%
Long Island East
86%
Denver West
86%
Amarillo West
86%
Huntington East
82%
New Orleans East
77%
Birmingham East
77%
Chesapeake Bay East
77%
Flagstaff West
77%
Wisconsin East
73%
Lake Huron East
73%
Aleutian Islands West
73%
Billings West
68%
No matching quizzes found
Score Distribution
Percent of People with Each Score
Percentile by Number Answered
Your Score History
You have not taken this quiz